000 01146nam a2200253 i 4500
001 bg
245 0 0 _aPolska Klasyfikacja Działalności :
_bzałącznik do rozporządzenia Rady Ministrów z dnia 20 stycznia 2004 r. w sprawie Polskiej Klasyfikacji Działalności (PKD) /
_c[red. Rządowe Centrum Legislacji].
260 _aWarszawa :
_bKancelaria Prezesa Rady Ministrów,
_c2004.
300 _a252 s. ;
_c30 cm.
490 1 _aDziennik Ustaw Rzeczypospolitej Polskiej,
_x0867-3411 ;
_vnr 33/2004
500 _aZawiera ang. wersję jęz.
650 9 _aPolska Klasyfikacja Działalności
_ystan na 2004 r.
650 9 _aUsługi
_xklasyfikacja
_zPolska
_yod 2004 r.
650 9 _aProdukcja
_xklasyfikacja
_zPolska
_yod 2004 r.
650 9 _aStatystyka
_xorganizacja
_zPolska
_yod 2004 r.
710 0 _aRządowe Centrum Legislacji
830 _aDziennik Ustaw Rzeczypospolitej Polskiej,
_x0867-3411 ;
040 _cBPK
041 0 _apoleng
080 _a311:[338.4:658.6](083.44)
942 _cKA
008 s pl f |000 0 pol
999 _c35121
_d35121
856 _uhttp://koha.tu.koszalin.pl/cgi-bin/koha/opac-detail.pl?biblionumber=35121
_yKatalog online BPK